000
00245nam a2200109Ia 4500
008
220204s9999 xx 000 0 und d
082
_a
82-3
_b
OBR
100
_a
Obrien, Saliee
245
0
_a
Bayou
260
_a
New York
_b
Bantam
_c
1979
942
_c
BK
999
_c
35145
_d
35145